|
|
|
|
| LEADER |
00000nab a2200000 a 4500 |
| 001 |
vtls000381911 |
| 003 |
SK-MaSNL |
| 005 |
20260302232408.0 |
| 008 |
111202c1988 xo 0 slo |
| 015 |
|
|
|a SNBRA19rr/mm-uuuuu
|
| 035 |
|
|
|a CL0382033
|
| 040 |
|
|
|a SNKBUCL
|b slo
|c SNKBUCL
|e AACR2
|
| 041 |
0 |
|
|a slo
|
| 044 |
|
|
|a xo
|c SK
|
| 080 |
|
|
|a 681.32.02.001.57
|2 1981
|
| 100 |
1 |
|
|a Frištacký, Norbert,
|d 1931-2006
|4 aut
|9 36961
|
| 245 |
1 |
0 |
|a Algebraický model mikroarchitektúry číslicového systému
|c N. Frištacký
|
| 300 |
|
|
|b Obr. 2., lit. 3 zázn. v slov., angl.
|
| 650 |
0 |
7 |
|a systémy číslicové
|2 snkbucl
|9 940733
|
| 650 |
0 |
7 |
|a modely algebraické
|2 snkbucl
|9 953283
|
| 655 |
|
7 |
|a články zo zborníkov
|2 snkbucl
|9 166140
|
| 773 |
0 |
|
|t Mikrosystém 88
|d Bratislava : Dom techniky ČSVTS, 1988
|g S. 27-28
|
| 850 |
|
|
|a Slovenská národná knižnica v Martine
|a MTA001
|
| 852 |
|
|
|a SNK
|b KIS3GCP
|
| 958 |
|
|
|a RK
|
| 992 |
|
|
|a RZB
|
| 999 |
|
|
|c 1542736
|d 1544666
|